[Event "Beating the Summer HEAT."]
[Site "SchemingMind.com"]
[Date "2012.07.02"]
[Round "-"]
[White "Olli Ylönen"]
[Black "Clive Everill"]
[Result "1-0"]
[WhiteCountry "FIN"]
[BlackCountry "CZE"]
[WhiteElo "1845"]
[WhiteRD "53"]
[BlackElo "1729"]
[BlackRD "55"]
[GameID "313156"]

1. g3 d5 2. Nf3 Bg4 3. Bg2 Nd7 4. c4 e6 5. cxd5 exd5 6. O-O c6 7. d3 Bd6 8. Nc3 Ne7 9. h3 Bh5 10. e4 O-O
11. exd5 cxd5 12. g4 Bg6 13. Nh4 Nc5 14. d4 Ne6 15. f4 Nc6 16. Nxg6 hxg6 17. Nxd5 Nexd4 18. Be3 Ne6 19. f5 gxf5 20. gxf5 Nc7
21. f6 g6 22. Bf4 Bc5+ 23. Kh1 Ne6 24. Qg4 Bd4 25. Rab1 Nxf4 26. Rxf4 Bxf6 27. Nxf6+ Kg7 28. Re1 Rh8 29. Bd5 Qa5 30. Ne8+ Raxe8
31. Rxf7+
1-0

[Event "Beating the Summer HEAT."]
[Site "SchemingMind.com"]
[Date "2012.07.05"]
[Round "-"]
[White "Clive Everill"]
[Black "Olli Ylönen"]
[Result "1-0"]
[WhiteCountry "CZE"]
[BlackCountry "FIN"]
[WhiteElo "1729"]
[WhiteRD "55"]
[BlackElo "1845"]
[BlackRD "53"]
[GameID "313164"]

1. e4 e5 2. f4 exf4 3. Nf3 g5 4. h4 g4 5. Ne5 d6 6. Nxg4 Be7 7. d4 Bxh4+ 8. Nf2 Qg5 9. Qf3 Bg3 10. Nc3 Nf6
11. Bd2 Nc6 12. Bb5 O-O 13. Bxc6 Ng4 14. Bxf4 Bxf2+ 15. Ke2 Qa5 16. Bxb7 Bxd4 17. Bxc8 Nf2 18. Qg3+ Kh8 19. Rxh7+ Kxh7 20. Bf5+ Qxf5
21. exf5 Rae8+ 22. Kf3
1-0

[Event "Beating the Summer HEAT."]
[Site "SchemingMind.com"]
[Date "2012.07.01"]
[Round "-"]
[White "Maaren"]
[Black "Michal Drus"]
[Result "1-0"]
[WhiteCountry "BEL"]
[BlackCountry "POL"]
[WhiteElo "1995"]
[WhiteRD "99"]
[BlackElo "1616"]
[BlackRD "58"]
[GameID "313271"]

1. e4 c6 2. Nc3 d5 3. Nf3 Bg4 4. h3 Bh5 5. exd5 cxd5 6. g4 Bg6 7. Bb5+ Nc6 8. Ne5 Rc8 9. d4 a6 10. Bxc6+ bxc6
11. h4 h6 12. Nxg6 fxg6 13. Qd3 e6 14. Qxg6+ Kd7 15. Bd2 Ne7 16. Qd3 Qb6 17. Na4 Qb5 18. Qxb5 axb5 19. Nb6+ Kc7 20. Nxc8 Nxc8
21. a4 Kb6 22. axb5 cxb5 23. Ke2 Bd6 24. g5 Ne7 25. c3 Nf5 26. Rag1 h5 27. g6 Ne7 28. Bg5 Nxg6 29. Bd8+ Rxd8 30. Rxg6 Re8
31. Rxg7 e5 32. Kd3 e4+ 33. Ke3 Rf8 34. Rg6 Kc7 35. Ra1 Bf4+ 36. Ke2 e3 37. Ra7+ Kb8 38. Rga6 Rf5 39. fxe3
1-0

[Event "Beating the Summer HEAT."]
[Site "SchemingMind.com"]
[Date "2012.07.01"]
[Round "-"]
[White "Majoanis"]
[Black "namloc"]
[Result "0-1"]
[WhiteCountry "CAN"]
[BlackCountry "IRL"]
[WhiteElo "1527"]
[WhiteRD "52"]
[BlackElo "1647"]
[BlackRD "83"]
[GameID "313273"]

1. Nf3 Nf6 2. c4 e6 3. g3 d5 4. d4 Be7 5. Bg2 O-O 6. O-O Nbd7 7. Qc2 c6 8. Nbd2 b6 9. e4 dxe4 10. Nxe4 Bb7
11. Rd1 c5
0-1

[Event "Beating the Summer HEAT."]
[Site "SchemingMind.com"]
[Date "2012.07.01"]
[Round "-"]
[White "Michal Drus"]
[Black "Maaren"]
[Result "0-1"]
[WhiteCountry "POL"]
[BlackCountry "BEL"]
[WhiteElo "1660"]
[WhiteRD "58"]
[BlackElo "1946"]
[BlackRD "114"]
[GameID "313276"]

1. e4 c5 2. Nf3 e6 3. d4 cxd4 4. Nxd4 Nc6 5. Nb5 d6 6. Bf4 e5 7. Bg5 Nf6 8. N1c3 a6 9. Bxf6 gxf6 10. Na3 b5
11. Nd5 f5 12. Bd3 Be6 13. exf5 Bxd5 14. O-O Nd4 15. Qh5 Rg8 16. f3 Qg5 17. Qxg5 Rxg5 18. Be4 Bxe4 19. fxe4 b4 20. Nc4 Rc8
21. b3 d5 22. exd5 Nxf5 23. Rae1 Bc5+ 24. Kh1 Ng3+
0-1

[Event "Beating the Summer HEAT."]
[Site "SchemingMind.com"]
[Date "2012.07.04"]
[Round "-"]
[White "ray winteringham"]
[Black "kenneth m day"]
[Result "0-1"]
[WhiteCountry "ENG"]
[BlackCountry "USA"]
[WhiteElo "1510"]
[WhiteRD "50"]
[BlackElo "1812"]
[BlackRD "56"]
[GameID "313673"]

1. d4 Nf6 2. Nc3 d5 3. Bf4 Bf5 4. g3 e6 5. Bg2 Bd6 6. Bg5 O-O 7. Nf3 c6 8. O-O Nbd7 9. e3 h6 10. Bxf6 Nxf6
11. Na4 b6 12. b4 Bxb4 13. a3 Bd6 14. c3 Ne4 15. Qc2 Nxg3 16. Qd1 Nxf1 17. Qxf1 Be4 18. Nb2 Qf6 19. c4 Bxf3 20. Bxf3 Qxf3
21. cxd5 exd5
0-1

[Event "Beating the Summer HEAT."]
[Site "SchemingMind.com"]
[Date "2012.07.04"]
[Round "-"]
[White "kenneth m day"]
[Black "ray winteringham"]
[Result "0-1"]
[WhiteCountry "USA"]
[BlackCountry "ENG"]
[WhiteElo "1775"]
[WhiteRD "51"]
[BlackElo "1532"]
[BlackRD "50"]
[GameID "313680"]

1. e4 e5 2. Nf3 d6 3. d4 Bg4 4. dxe5 dxe5 5. Qxd8+ Kxd8 6. Nxe5 Be6 7. Be2 Bd6 8. Nc4 f6 9. O-O Nc6 10. Rd1 Bxc4
11. Bxc4 Nge7 12. Be3 b6 13. Nc3 Kc8 14. Ba6+ Kb8 15. a3 g5 16. Nb5 Na5 17. b4 Nac6 18. Nxd6 cxd6 19. Rxd6 Kc7 20. Rad1 Rhd8
21. Rxd8 Nxd8 22. Bb5 Ndc6 23. c4 Ne5 24. c5 a6 25. cxb6+ Kb7 26. Ba4 N7c6 27. Rd6 Rd8 28. Rxf6 Ng4 29. Rf7+ Kb8 30. h3 Nge5
31. Bxg5 Nxf7 32. Bh4 Rc8 33. b5 axb5 34. Bxb5 Nd4 35. Ba6 Rc6 36. Bg3+ Nd6 37. e5 N6f5 38. Bf4 Rxb6 39. e6+ Ka7 40. Bc8 Ne2+
0-1

[Event "Beating the Summer HEAT."]
[Site "SchemingMind.com"]
[Date "2012.07.05"]
[Round "-"]
[White "Iucounu"]
[Black "Phillip Beckett"]
[Result "0-1"]
[WhiteCountry "ENG"]
[BlackCountry "ENG"]
[WhiteElo "1384"]
[WhiteRD "49"]
[BlackElo "1561"]
[BlackRD "46"]
[GameID "313767"]

1. e4 e5 2. Nf3 Nc6 3. Bb5 a6 4. Ba4 Nf6 5. d3 b5 6. Bb3 Be7 7. Nc3 O-O 8. O-O d6 9. Nd5 Nxd5 10. Bxd5 Bb7
11. Bd2 Qc8 12. h3 Nd8 13. Be3 Bxd5 14. exd5 f5 15. Qd2 f4 16. b3 fxe3 17. Qxe3 Nf7 18. c4 Nh6 19. Nh2 Nf5 20. Qe4 Nd4
21. Nf3 Nxf3+ 22. gxf3 bxc4 23. dxc4 Rf4 24. Qe3 Qxh3 25. Rfd1 Rxf3 26. Rd3 Qg4+ 27. Kf1 Raf8 28. Qxf3 Rxf3 29. Rxf3 Qxf3 30. Re1 Bh4
0-1

[Event "Beating the Summer HEAT."]
[Site "SchemingMind.com"]
[Date "2012.07.05"]
[Round "-"]
[White "Adrian Grajczak"]
[Black "docjan"]
[Result "1/2-1/2"]
[WhiteCountry "POL"]
[BlackCountry "SWE"]
[WhiteElo "2089"]
[WhiteRD "67"]
[BlackElo "2303"]
[BlackRD "72"]
[GameID "313768"]

1. e4 c5 2. Nf3 Nc6 3. d4 cxd4 4. Nxd4 e5 5. Nb5 d6 6. c4 a6 7. N5c3 Be7 8. Be3 Nf6 9. Be2 O-O 10. O-O h6
11. f3 Bd7 12. Nd5 Nxd5 13. cxd5 Nd4 14. Na3 Rc8 15. Bd3 b5 16. Rc1 Qa5 17. Qd2 Qxd2 18. Bxd2 f5 19. Nc2 Nxc2 20. Rxc2 Rxc2
21. Bxc2 f4 22. Rc1 Bd8 23. Bd3=
1/2-1/2

[Event "Beating the Summer HEAT."]
[Site "SchemingMind.com"]
[Date "2012.07.05"]
[Round "-"]
[White "Phillip Beckett"]
[Black "Iucounu"]
[Result "1-0"]
[WhiteCountry "ENG"]
[BlackCountry "ENG"]
[WhiteElo "1561"]
[WhiteRD "46"]
[BlackElo "1384"]
[BlackRD "49"]
[GameID "313772"]

1. e4 e5 2. Nf3 Nc6 3. Bb5 a6 4. Bxc6 dxc6 5. d4 exd4 6. Qxd4 Qxd4 7. Nxd4 Bc5 8. Nb3 Bb4+ 9. c3 Bd6 10. Be3 Nf6
11. f3 O-O 12. N1d2 Be6 13. O-O-O Rfd8 14. Kb1 b6 15. g3 Be7 16. Rhe1 c5 17. Nf1 Rxd1+ 18. Rxd1 Rd8 19. Rxd8+ Bxd8 20. Nfd2 h6
21. Nc1 Nh7 22. Ndb3 Bg5 23. Bxg5 hxg5 24. Nd2 f6 25. Ne2 g6 26. b3 f5 27. exf5 gxf5 28. f4 g4 29. c4 Nf6 30. Kc2 c6
31. Nf1 b5 32. Ne3 bxc4 33. Nxc4 Bxc4 34. bxc4 Ne4 35. Nc3 Kf7 36. Nxe4 fxe4 37. Kd2 Ke6 38. Ke3 Kf5 39. a3
1-0

[Event "Beating the Summer HEAT."]
[Site "SchemingMind.com"]
[Date "2012.07.05"]
[Round "-"]
[White "docjan"]
[Black "Adrian Grajczak"]
[Result "1-0"]
[WhiteCountry "SWE"]
[BlackCountry "POL"]
[WhiteElo "2336"]
[WhiteRD "72"]
[BlackElo "2119"]
[BlackRD "64"]
[GameID "313773"]

1. d4 d6 2. e4 Nf6 3. Nc3 e5 4. Nf3 Nbd7 5. Bc4 Be7 6. O-O O-O 7. a4 c6 8. Re1 b6 9. h3 a6 10. Bb3 Bb7
11. Nh4 Re8 12. Nf5 Bf8 13. Bg5 h6 14. Bh4 Qc7 15. dxe5 dxe5 16. Qf3 g5 17. Bg3 b5 18. Rad1 Bg7 19. h4 g4 20. Qe3
1-0

[Event "Beating the Summer HEAT."]
[Site "SchemingMind.com"]
[Date "2012.07.10"]
[Round "-"]
[White "cnile"]
[Black "maro"]
[Result "1-0"]
[WhiteCountry "SCO"]
[BlackCountry "MEX"]
[WhiteElo "1456"]
[WhiteRD "65"]
[BlackElo "1343"]
[BlackRD "64"]
[GameID "313887"]

1. e4 e5 2. Nf3 Nc6 3. Bb5 Nge7 4. c3 d6 5. d4 exd4 6. cxd4 Bd7 7. Nc3 Na5 8. Qa4 b6 9. b4 Nac6 10. O-O Qc8
11. Re1 a6 12. Bxc6 Bxc6 13. Qc2 g6 14. a4 b5 15. a5 Bg7 16. Be3 O-O 17. Rac1 Qb7 18. d5 Bd7 19. Ne2 Rac8 20. Ned4 c5
21. Nb3 c4 22. Nbd4 Rc7 23. Nc6 Bxc6 24. dxc6 Nxc6 25. Bd2 Ne5 26. Bf4 Ng4 27. Bxd6 Rd7 28. Bxf8 Bxf8 29. h3 Nf6 30. Qc3 Bg7
31. e5 Nd5 32. Qb2 Re7 33. Qd4 Nxb4 34. Qd8+ Bf8 35. Qd2 Nd5 36. Qg5 Bg7 37. Re2 Qc6 38. h4 h6 39. Qd2 f6 40. exf6 Bxf6
41. Rxe7 Bxe7 42. Qxh6 Bf8 43. Qd2 Nf6 44. Ng5 Bh6 45. Qd8+ Ne8 46. Re1 Kf8 47. Re6 Bxg5 48. Rxc6 Bxd8 49. Rxg6 Bxh4 50. Rh6 Bg5
51. Rxa6 Nc7 52. Ra7 Nd5 53. a6 c3 54. Ra8+ Ke7 55. a7 Nb6 56. Rb8 c2 57. Rb7+ Nd7 58. a8=Q
1-0

[Event "Beating the Summer HEAT."]
[Site "SchemingMind.com"]
[Date "2012.07.11"]
[Round "-"]
[White "maro"]
[Black "cnile"]
[Result "0-1"]
[WhiteCountry "MEX"]
[BlackCountry "SCO"]
[WhiteElo "1331"]
[WhiteRD "68"]
[BlackElo "1447"]
[BlackRD "58"]
[GameID "313891"]

1. e4 e5 2. Nc3 Nf6 3. d4 Nc6 4. d5 Nd4 5. Bb5 Nxb5 6. Nxb5 Bc5 7. Nh3 c6 8. dxc6 dxc6 9. Qxd8+ Kxd8 10. O-O Re8
11. Ng5 Bd7 12. Nxf7+ Kc8 13. Nbd6+ Bxd6 14. Nxd6+ Kc7 15. Nxe8+ Rxe8 16. f4 Nxe4 17. f5 Rf8 18. g4 h6 19. c4 Bc8 20. b4 b6
21. Bb2 Nd2 22. Bxe5+ Kb7 23. Rfd1 Nf3+ 24. Kg2 Nxe5 25. h3 Nxc4 26. a3 Ne3+
0-1

[Event "Beating the Summer HEAT."]
[Site "SchemingMind.com"]
[Date "2012.07.09"]
[Round "-"]
[White "John Galvin"]
[Black "Holty"]
[Result "1-0"]
[WhiteCountry "USA"]
[BlackCountry "ENG"]
[WhiteElo "2329"]
[WhiteRD "66"]
[BlackElo "1742"]
[BlackRD "59"]
[GameID "313992"]

1. e4 e5 2. Nf3 Nf6 3. d4 Nxe4 4. Bd3 d5 5. Nxe5 Nf6 6. c4 Be6 7. c5 c6 8. O-O h6 9. Re1 Be7 10. Ng6 fxg6
11. Rxe6 O-O 12. Bxg6 Qc7 13. Nc3 Bd8 14. Qf3 Qd7 15. Qh3 Kh8 16. Ne2 Kg8 17. Ng3 Ne4 18. Nxe4 dxe4 19. Be3 Na6 20. Bh7+ Kh8
21. Bxe4 Nc7 22. Rxh6+
1-0

[Event "Beating the Summer HEAT."]
[Site "SchemingMind.com"]
[Date "2012.07.09"]
[Round "-"]
[White "Holty"]
[Black "John Galvin"]
[Result "0-1"]
[WhiteCountry "ENG"]
[BlackCountry "USA"]
[WhiteElo "1742"]
[WhiteRD "59"]
[BlackElo "2329"]
[BlackRD "66"]
[GameID "313995"]

1. d4 Nf6 2. Nf3 g6 3. Bg5 Bg7 4. e3 h6 5. Bf4 d6 6. h3 O-O 7. Nbd2 c5 8. c3 cxd4 9. cxd4 Nc6 10. a3 e5
11. dxe5 dxe5 12. Nxe5 Nd5 13. Nxc6 bxc6 14. Rb1 Nxf4 15. exf4 Re8+ 16. Be2 Ba6 17. Nc4 Bxc4 18. Qxd8 Raxd8 19. O-O Rxe2 20. Rfc1 Bd3
21. Re1 Rd2 22. Rbc1 Bd4 23. Kh2 Bxf2 24. Re7 Kf8 25. Re5 Rxb2 26. Ra5 c5 27. Rxa7 Be4 28. a4 Bd4
0-1

[Event "Beating the Summer HEAT."]
[Site "SchemingMind.com"]
[Date "2012.07.11"]
[Round "-"]
[White "Greg Magne"]
[Black "chesshub"]
[Result "0-1"]
[WhiteCountry "CAN"]
[BlackCountry "FRA"]
[WhiteElo "1818"]
[WhiteRD "88"]
[BlackElo "2441"]
[BlackRD "74"]
[GameID "314112"]

1. e4 e5 2. Nf3 Nc6 3. Bb5 a6 4. Ba4 Nf6 5. O-O Be7 6. Re1 b5 7. Bb3 d6 8. c3 O-O 9. h3 Na5 10. Bc2 c5
11. d4 Qc7 12. Nbd2 cxd4 13. cxd4 Nc6 14. Nb3 a5 15. Be3 a4 16. Nbd2 Bd7 17. Rc1 Qb7 18. Nf1 Rfc8 19. Ng3 Bd8 20. Ng5 Nxd4
21. Bxd4 exd4 22. Qxd4 Ng4 23. hxg4 Bxg5 24. Nf5 Bxf5 25. exf5 Bxc1 26. Rxc1 Rc4 27. Qd3 Qc6 28. f6 g6 29. Qe3 d5 30. b3 Rc3
31. Qg5 Rc8 32. bxa4 Rxc2
0-1

[Event "Beating the Summer HEAT."]
[Site "SchemingMind.com"]
[Date "2012.07.11"]
[Round "-"]
[White "chesshub"]
[Black "Greg Magne"]
[Result "1-0"]
[WhiteCountry "FRA"]
[BlackCountry "CAN"]
[WhiteElo "2441"]
[WhiteRD "74"]
[BlackElo "1818"]
[BlackRD "88"]
[GameID "314119"]

1. e4 c5 2. Nf3 d6 3. d4 cxd4 4. Nxd4 Nf6 5. Nc3 a6 6. Be3 e5 7. Nb3 Be6 8. f4 exf4 9. Bxf4 Nc6 10. Qe2 Be7
11. h3 Qb6 12. O-O-O Rd8 13. Nd5 Bxd5 14. exd5 Nb4 15. Qf3 Nxa2+ 16. Kb1 Nb4 17. Be3 Qc7 18. c3 Nbxd5 19. Rxd5 Nxd5 20. Qxd5 O-O
21. Nd4 Bf6 22. Bd3 Rfe8 23. Qf5
1-0

[Event "Beating the Summer HEAT."]
[Site "SchemingMind.com"]
[Date "2012.07.13"]
[Round "-"]
[White "spoke"]
[Black "James Reed"]
[Result "1-0"]
[WhiteCountry "GER"]
[BlackCountry "ENG"]
[WhiteElo "1859"]
[WhiteRD "71"]
[BlackElo "1535"]
[BlackRD "70"]
[GameID "314303"]

1. e4 e5 2. Nf3 Nc6 3. Bc4 Bc5 4. d3 h6 5. c3 Nf6 6. b4 Bb6 7. a4 a6 8. O-O d6 9. Nbd2 O-O 10. h3 Qe7
11. Nh4 Re8 12. Kh2 a5 13. Bb2 Bd7 14. f4 Be3 15. f5 Bxd2 16. Qxd2 b6 17. b5 Nd8 18. Ng6 Nb7 19. Nxe7+ Rxe7 20. g4 Nc5
21. g5 Nh7 22. g6 Ng5 23. gxf7+ Kf8 24. f6 gxf6 25. Rxf6 h5 26. Qxg5 Ne6 27. Qg8#
1-0

[Event "Beating the Summer HEAT."]
[Site "SchemingMind.com"]
[Date "2012.07.15"]
[Round "-"]
[White "Till Plewe"]
[Black "Louis Lima"]
[Result "1-0"]
[WhiteCountry "JPN"]
[BlackCountry "ESP"]
[WhiteElo "2323"]
[WhiteRD "76"]
[BlackElo "1917"]
[BlackRD "92"]
[GameID "314306"]

1. e4 e6 2. d4 d5 3. Nd2 Nf6 4. e5 Nfd7 5. Bd3 c5 6. c3 Nc6 7. Ne2 cxd4 8. cxd4 f6 9. exf6 Nxf6 10. O-O Bd6
11. Nf3 Qc7 12. Bg5 O-O 13. Rc1 Bd7 14. Re1 Rae8 15. Bb1 Qb8 16. Nc3 Bf4 17. Bxf4 Qxf4 18. Qd3 Nb4 19. Qe3 Qxe3 20. Rxe3 Ng4
21. Ree1 a6 22. a3 Nc6 23. Na4 e5 24. Nc5 Bc8 25. Ba2 Nxd4 26. Bxd5+ Kh8 27. Nxb7
1-0

[Event "Beating the Summer HEAT."]
[Site "SchemingMind.com"]
[Date "2012.07.13"]
[Round "-"]
[White "James Reed"]
[Black "spoke"]
[Result "0-1"]
[WhiteCountry "ENG"]
[BlackCountry "GER"]
[WhiteElo "1535"]
[WhiteRD "70"]
[BlackElo "1859"]
[BlackRD "71"]
[GameID "314308"]

1. e4 e5 2. Nf3 Nc6 3. d4 exd4 4. Nxd4 Qf6 5. Be3 Bc5 6. c3 Nge7 7. Bc4 Ne5 8. Be2 d5 9. exd5 Nxd5 10. Qd2 Nxe3
11. Qxe3 O-O 12. Qe4 Bd7 13. O-O Rfe8 14. Qxb7 Reb8 15. Qxc7 Bd6 16. Qa5 Rxb2 17. Bf3 Nxf3+ 18. Nxf3 Bc6 19. Nbd2 Qh6 20. Nc4 Bxf3
21. Nxd6 Qxd6 22. gxf3 Qg6+ 23. Kh1 Qd3 24. Rfd1 Qxf3+ 25. Kg1 Qxf2+ 26. Kh1 Qg2#
0-1

[Event "Beating the Summer HEAT."]
[Site "SchemingMind.com"]
[Date "2012.07.15"]
[Round "-"]
[White "Louis Lima"]
[Black "Till Plewe"]
[Result "0-1"]
[WhiteCountry "ESP"]
[BlackCountry "JPN"]
[WhiteElo "1891"]
[WhiteRD "112"]
[BlackElo "2288"]
[BlackRD "82"]
[GameID "314311"]

1. Nf3 f5 2. g3 Nf6 3. Bg2 g6 4. d4 Bg7 5. O-O O-O 6. c3 d6 7. Qb3+ Kh8 8. Ng5 d5 9. Bf4 Nc6 10. Nd2 h6
11. Ngf3 Ne4 12. Ne5 Nxe5 13. Nxe4 Nd7 14. Nc5 Nxc5 15. dxc5 e5 16. Bd2 c6 17. e3 Qa5 18. Qb4 Qxb4 19. cxb4 g5 20. b5 e4
21. bxc6 bxc6 22. Rab1 Ba6
0-1

[Event "Beating the Summer HEAT."]
[Site "SchemingMind.com"]
[Date "2012.07.15"]
[Round "-"]
[White "fouche"]
[Black "Ulrich Klapp"]
[Result "0-1"]
[WhiteCountry "COL"]
[BlackCountry "GER"]
[WhiteElo "1557"]
[WhiteRD "67"]
[BlackElo "1670"]
[BlackRD "95"]
[GameID "314371"]

1. d4 b6 2. Nf3 Bb7 3. e3 e6 4. Bd3 Nf6 5. O-O Be7 6. c4 d5 7. Nbd2 O-O 8. Re1 Nbd7 9. cxd5 Nxd5 10. a3 a5
11. e4 Nf4 12. Bc2 Nf6 13. g3 Nh3+ 14. Kg2 Ng4 15. Re2 Ng5 16. h3 Nxf3 17. Nxf3 Nf6 18. e5 Nd5 19. Bb3 Qd7 20. Bxd5 exd5
21. Bg5 Ba6 22. Rc2 Bxg5 23. Nxg5 Qf5 24. Nf3 Qe4 25. Rxc7 Rac8 26. Rac1 Rxc7 27. Rxc7 Be2 28. Qb3 f6 29. exf6 Rxf6 30. Qc3 Bxf3+
31. Kh2 Qe2 32. Qe3 Qxe3 33. fxe3 h5 34. b4 Rf8 35. Rc6 Re8 36. Rxb6 Rxe3 37. Kg1 Rxa3 38. bxa5 Rxa5 39. Kf2 Be4 40. Rb8+ Kh7
41. Rb7 Kh6 42. Ke3 Ra2 43. Rb6+ Kg5 44. Rb7 g6 45. Rb6 Rg2 46. g4 Rg3+ 47. Kf2 h4
0-1

[Event "Beating the Summer HEAT."]
[Site "SchemingMind.com"]
[Date "2012.07.16"]
[Round "-"]
[White "mmccaffe"]
[Black "iwegiel"]
[Result "0-1"]
[WhiteCountry "USA"]
[BlackCountry "POL"]
[WhiteElo "1655"]
[WhiteRD "62"]
[BlackElo "2089"]
[BlackRD "105"]
[GameID "314372"]

1. e4 d6 2. d4 Nf6 3. Nc3 e5 4. Nf3 Nbd7 5. Bc4 Be7 6. h3 c6 7. dxe5 dxe5 8. O-O O-O 9. Qe2 Qc7 10. a3 b5
11. Ba2 a5 12. a4 b4 13. Nb1 Nc5 14. Nbd2 Be6 15. Bxe6 Nxe6 16. Nc4 Nd7 17. b3 f6 18. Bb2 Bc5 19. Rad1 Rfd8 20. Rd2 Nf4
21. Qd1 Nb6 22. Nxb6 Qxb6 23. Bc1 Rxd2 24. Bxd2 Rd8 25. Qe1 Ne6 26. Be3 Bxe3 27. Qxe3 Qxe3 28. fxe3 Nc5 29. Rf2 Nxe4 30. Re2 Kf7
31. Kh2 Ke6 32. Kg1 c5 33. Kh2 f5 34. Kg1 h6 35. Ne1 Rd1 36. h4 Nc3 37. Kf2 Nxe2 38. Kxe2 Rd7 39. Nd3 Rc7 40. Nb2 g5
41. hxg5 hxg5 42. Nc4 Ra7 43. g3 e4 44. Nd2 Kd5 45. Nc4 Ke6 46. Nd2 Kf6 47. Nc4 Kg6
0-1

[Event "Beating the Summer HEAT."]
[Site "SchemingMind.com"]
[Date "2012.07.16"]
[Round "-"]
[White "Munny"]
[Black "Aadsje"]
[Result "1-0"]
[WhiteCountry "GER"]
[BlackCountry "NED"]
[WhiteElo "2231"]
[WhiteRD "73"]
[BlackElo "2235"]
[BlackRD "63"]
[GameID "314373"]

1. e4 c5 2. Nf3 d6 3. d4 cxd4 4. Nxd4 Qa5+ 5. Nc3 e5 6. Nb5 Qd8 7. Nd5 Na6 8. Bc4 Bd7 9. O-O Qc8 10. Qd3 f6
11. Rd1 Bc6 12. Be3 Qb8 13. f4 h6 14. fxe5 fxe5 15. Rf1 Nf6 16. Nxf6+
1-0

[Event "Beating the Summer HEAT."]
[Site "SchemingMind.com"]
[Date "2012.07.15"]
[Round "-"]
[White "Ulrich Klapp"]
[Black "fouche"]
[Result "1-0"]
[WhiteCountry "GER"]
[BlackCountry "COL"]
[WhiteElo "1608"]
[WhiteRD "92"]
[BlackElo "1571"]
[BlackRD "70"]
[GameID "314374"]

1. d4 e6 2. Nf3 d5 3. g3 Nf6 4. Bg2 Bd6 5. O-O O-O 6. Nbd2 Nbd7 7. c4 c6 8. Re1 dxc4 9. Nxc4 Bc7 10. Nfe5 c5
11. Be3 b5 12. Nd2 Rb8 13. Nc6 Qe8 14. Nxb8 Bxb8 15. Qb3 Ba6 16. Qa3 Qc8 17. Rac1 c4 18. Bg5 Nd5 19. Ne4 f5 20. Nd6 Qc6
21. Be7 Rf7 22. Nxf7 Kxf7 23. Bf3 Bc7 24. Bh5+ g6 25. Bf3 N7f6 26. Bxf6 Kxf6 27. Qf8+ Kg5 28. h4#
1-0

[Event "Beating the Summer HEAT."]
[Site "SchemingMind.com"]
[Date "2012.07.16"]
[Round "-"]
[White "iwegiel"]
[Black "mmccaffe"]
[Result "1/2-1/2"]
[WhiteCountry "POL"]
[BlackCountry "USA"]
[WhiteElo "2089"]
[WhiteRD "105"]
[BlackElo "1655"]
[BlackRD "62"]
[GameID "314375"]

1. e4 e5 2. Nc3 Nf6 3. g3 g6 4. Bg2 c5 5. Nge2 Bh6 6. d3 Bxc1 7. Qxc1 a6 8. h3 Nc6 9. f4 d6 10. g4 Ne7
11. Ng3 b5 12. g5 Nd7 13. Qd2 Bb7 14. h4 Qc7 15. h5 O-O-O 16. O-O-O Kb8 17. Kb1 b4 18. Nce2 Nc6 19. f5 Nb6 20. Rh2 d5
21. Rdh1 gxf5 22. Nxf5 Nd4 23. Neg3 a5 24. Rf1 dxe4 25. Bxe4 Bxe4 26. Nxe4 c4 27. Nh6 cxd3 28. Qxd3 Ne6 29. Qb5 Rd5 30. Qe2 Nf4
31. Qf3 Rhd8 32. a3 bxa3 33. Qxa3 Rd1+ 34. Rxd1 Rxd1+ 35. Ka2 Qc4+ 36. Qb3 Qxb3+ 37. Kxb3 a4+ 38. Ka2 Rd7 39. Nf6 Rb7 40. b3 axb3+
41. cxb3 Nd7 42. Nxh7 Nc5 43. Nf6 Rxb3 44. Rb2 Rxb2+ 45. Kxb2 e4 46. Nf5 Nce6 47. Nxe4 Nxh5 48. Nh6 Nxg5=
1/2-1/2

[Event "Beating the Summer HEAT."]
[Site "SchemingMind.com"]
[Date "2012.07.16"]
[Round "-"]
[White "Aadsje"]
[Black "Munny"]
[Result "1/2-1/2"]
[WhiteCountry "NED"]
[BlackCountry "GER"]
[WhiteElo "2235"]
[WhiteRD "63"]
[BlackElo "2231"]
[BlackRD "73"]
[GameID "314376"]

1. e4 c5 2. Nc3 d6 3. Nf3 Nf6 4. b3 Nc6 5. h3 g6 6. Bb2 Bg7 7. Qe2 O-O 8. Rc1 b6 9. a3 Bb7 10. Qd3 Qd7
11. Nd1 Rac8 12. Qe2 Rfd8 13. Ba1 d5 14. exd5 Nxd5 15. Bxg7 Kxg7 16. Nc3 Nxc3=
1/2-1/2

[Event "Beating the Summer HEAT."]
[Site "SchemingMind.com"]
[Date "2012.08.28"]
[Round "-"]
[White "John Hamer"]
[Black "Maaren"]
[Result "1/2-1/2"]
[WhiteCountry "ENG"]
[BlackCountry "BEL"]
[WhiteElo "1986"]
[WhiteRD "66"]
[BlackElo "2046"]
[BlackRD "93"]
[GameID "316425"]

1. d4 Nf6 2. c4 c5 3. d5 b5 4. cxb5 a6 5. Nc3 axb5 6. e4 b4 7. Nb5 d6 8. Bc4 Nbd7 9. Nf3 Nb6 10. Bd3 g6
11. b3 Bg7 12. Bb2 O-O 13. O-O Ba6 14. Qe2 Qd7 15. a4 bxa3 16. Rxa3 Rfb8 17. Rfa1 Nfxd5 18. Bxg7 Nf4 19. Qe3 Bxb5 20. Qxf4 Kxg7
21. Bc2 f6 22. Qd2=
1/2-1/2

[Event "Beating the Summer HEAT."]
[Site "SchemingMind.com"]
[Date "2012.08.28"]
[Round "-"]
[White "Maaren"]
[Black "John Hamer"]
[Result "1-0"]
[WhiteCountry "BEL"]
[BlackCountry "ENG"]
[WhiteElo "2046"]
[WhiteRD "93"]
[BlackElo "1986"]
[BlackRD "66"]
[GameID "316428"]

1. e4 c6 2. Nc3 d5 3. Nf3 Bg4 4. h3 Bh5 5. exd5 cxd5 6. g4 Bg6 7. Bb5+ Nc6 8. Ne5 Rc8 9. d4 e6 10. Qe2 Bb4
11. h4 Ne7 12. h5 Be4 13. f3 O-O 14. Nxc6 Nxc6 15. Be3
1-0

[Event "Beating the Summer HEAT."]
[Site "SchemingMind.com"]
[Date "2012.09.11"]
[Round "-"]
[White "spoke"]
[Black "Phillip Beckett"]
[Result "1/2-1/2"]
[WhiteCountry "GER"]
[BlackCountry "ENG"]
[WhiteElo "1774"]
[WhiteRD "65"]
[BlackElo "1561"]
[BlackRD "46"]
[GameID "317578"]

1. d4 d5 2. c4 e6 3. Nc3 Nf6 4. Bg5 Be7 5. Nf3 h6 6. Bh4 O-O 7. e3 Ne4 8. Bxe7 Qxe7 9. cxd5 Nxc3 10. bxc3 exd5
11. Qb3 Rd8 12. c4 Be6 13. c5 c6 14. Rb1 b5 15. cxb6 axb6 16. Bd3 Ra3 17. Qc2 Qa7 18. Rb2 c5 19. O-O c4 20. Be2 Nc6
21. Ra1 Ra8 22. Qb1 b5 23. Rxb5 Rxa2 24. Rxa2 Qxa2 25. Rb2 Qxb1+ 26. Rxb1 Rb8 27. Rxb8+ Nxb8 28. Kf1 Kf8 29. Ke1 Ke7 30. Kd2 Kd6
31. Bd1 Kc6 32. Kc3 Kb5 33. Nd2 Na6 34. Nb1 Nb4 35. f3 Na2+ 36. Kb2 Nb4 37. Nc3+ Ka5 38. Bc2 Nc6 39. Bd1=
1/2-1/2

[Event "Beating the Summer HEAT."]
[Site "SchemingMind.com"]
[Date "2012.09.11"]
[Round "-"]
[White "Phillip Beckett"]
[Black "spoke"]
[Result "1-0"]
[WhiteCountry "ENG"]
[BlackCountry "GER"]
[WhiteElo "1561"]
[WhiteRD "46"]
[BlackElo "1774"]
[BlackRD "65"]
[GameID "317582"]

1. e4 g6 2. d4 Bg7 3. Nf3 d6 4. Nc3 Nf6 5. Be2 O-O 6. O-O c5 7. h3 cxd4 8. Nxd4 Nc6 9. Be3 d5 10. Nxc6 bxc6
11. exd5 cxd5 12. Bd4 Re8 13. Bxf6 Bxf6 14. Qxd5 Qxd5 15. Nxd5 Bf5 16. Nc7 Rac8 17. Nxe8 Rxe8 18. c3 Rb8 19. b3 Bxc3 20. Rac1 Rc8
21. Bc4 Bb2 22. Rcd1 Kg7 23. g4 Be4 24. Rfe1 f5 25. Rd7
1-0